01175nam0a22002891 4500001001100000005001700011021001900028035002600047100004100073101000800114102000700122105001800129200009100147205001900238210003700257215003700294225006300331300006400394300012000458320003500578517007800613606006000691700006900751801001800820801002200838852002500860rc\398941720250611045756.0 aRUb[56-15886] a(NLR Aleph) 008066288 a20130415d1956 |||y0rusy50 ca0 arus aRU aa z |||||1 aОсновы лечения больного легочным туберкулезом a[2-е изд.] aМоскваcМедгизd1956 a231 с., 10 л. ил.cил.d211 aБиблиотека практического врача aПеред загл. авт.: проф. В.Л. Эйнис a1-е изд. вышло под загл.: Лечение больного легочным туберкулезом aБиблиогр.: с. 228-2290 aЛечение больного легочным туберкулезом aТуберкулез легкихxЛечение2psbo 1aЭйнисbВ.Л.f1890-1978gВладимир Львович 0aRUbNLRgpsbo 1aRUbELAR2rusmarc aNLRjМд30 Г-3/263